Tarekh o Tazkira Khankah Naqshbandia Mujad'dia / (Record no. 525784)

000 -LEADER
fixed length control field 00659nam a22001937a 4500
003 - CONTROL NUMBER IDENTIFIER
control field NUST
020 ## - INTERNATIONAL STANDARD BOOK NUMBER
International Standard Book Number 969-8917-38-1
Qualifying information HB/K
038 ## - RECORD CONTENT LICENSOR
Staff Name Faiza
082 ## - DEWEY DECIMAL CLASSIFICATION NUMBER
Classification number 297.692
Author Mark RAN
100 ## - MAIN ENTRY--PERSONAL NAME
Personal name Ranjha, Muhammad Nazir
9 (RLIN) 16033
245 ## - TITLE STATEMENT
Title Tarekh o Tazkira Khankah Naqshbandia Mujad'dia /
Statement of responsibility, etc. Muhammad Nazir Ranjha
260 ## - PUBLICATION, DISTRIBUTION, ETC.
Place of publication, distribution, etc. Islamabad :
Name of publisher, distributor, etc. Poorab Academy,
Date of publication, distribution, etc. 2007.
300 ## - PHYSICAL DESCRIPTION
Extent 207 p. ;
500 ## - GENERAL NOTE
General note References.
880 ## - ALTERNATE GRAPHIC REPRESENTATION
Linkage 100-01\r
Title محمد نذیررانجھا
880 ## - ALTERNATE GRAPHIC REPRESENTATION
Linkage 245-02\r
Title تاریخ و تذکرہ خانقاہ نقشبندیہ مجددیہ /
880 ## - ALTERNATE GRAPHIC REPRESENTATION
Linkage 260-03\r
Title اسلام آباد :
b پورب اکادمی,
c ۲۰۰۷.
942 ## - ADDED ENTRY ELEMENTS (KOHA)
Source of classification or shelving scheme
Koha item type Book
Holdings
Withdrawn status Lost status Source of classification or shelving scheme Damaged status Not for loan Permanent Location Current Location Shelving location Date acquired Total Checkouts Full call number Barcode Date last seen Price effective from Koha item type
          Central Library (CL) Central Library (CL) First Floor - Islam 07/04/2019   297.692 RAN CL-E-472 07/04/2019 07/04/2019 Book
© 2023 Central Library, National University of Sciences and Technology. All Rights Reserved.